<?xml version="1.0" encoding="UTF-8"?><?xml-stylesheet type="text/xsl" href="static/style.xsl"?><OAI-PMH xmlns="http://www.openarchives.org/OAI/2.0/" xmlns:xsi="http://www.w3.org/2001/XMLSchema-instance" xsi:schemaLocation="http://www.openarchives.org/OAI/2.0/ http://www.openarchives.org/OAI/2.0/OAI-PMH.xsd"><responseDate>2026-04-17T11:55:23Z</responseDate><request verb="GetRecord" identifier="oai:www.recercat.cat:2445/217397" metadataPrefix="marc">https://recercat.cat/oai/request</request><GetRecord><record><header><identifier>oai:recercat.cat:2445/217397</identifier><datestamp>2025-12-04T21:02:50Z</datestamp><setSpec>com_2072_1057</setSpec><setSpec>col_2072_478818</setSpec><setSpec>col_2072_478917</setSpec></header><metadata><record xmlns="http://www.loc.gov/MARC21/slim" xmlns:dcterms="http://purl.org/dc/terms/" xmlns:xsi="http://www.w3.org/2001/XMLSchema-instance" xmlns:doc="http://www.lyncode.com/xoai" xsi:schemaLocation="http://www.loc.gov/MARC21/slim http://www.loc.gov/standards/marcxml/schema/MARC21slim.xsd">
   <leader>00925njm 22002777a 4500</leader>
   <datafield ind2=" " ind1=" " tag="042">
      <subfield code="a">dc</subfield>
   </datafield>
   <datafield ind2=" " ind1=" " tag="720">
      <subfield code="a">Moncunill Martí, Noemí</subfield>
      <subfield code="e">author</subfield>
   </datafield>
   <datafield ind2=" " ind1=" " tag="260">
      <subfield code="c">2025-01-13T11:57:54Z</subfield>
   </datafield>
   <datafield ind2=" " ind1=" " tag="260">
      <subfield code="c">2025-01-13T11:57:54Z</subfield>
   </datafield>
   <datafield ind2=" " ind1=" " tag="260">
      <subfield code="c">2015</subfield>
   </datafield>
   <datafield ind2=" " ind1=" " tag="520">
      <subfield code="a">[spa] El artículo indaga en el análisis de las posibles fuentes directas que sirvieron a&#xd;
Francesc Alegre para realizar su traducción catalana de las Metamofosis de Ovidio, la&#xd;
primera conocida en la Península Ibérica. Mediante ejemplos concretos, el trabajo&#xd;
destaca algunas similitudes sintomáticas entre distintas versiones medievales del mito de&#xd;
Eco y Narciso: la versión de Boccaccio, la francesa del Ovide Moralisé o la versión italiana&#xd;
de Giovanni Bonsignori. Algunas de estas coincidencias son atribuibles a la circulación&#xd;
del texto de Ovidio en los llamados codices recentiores, pero otras no son tan fácilmente&#xd;
explicables por esta vía, lo que abre ciertos interrogantes a propósito de la forma en la&#xd;
que estas traducciones pudieron influirse entre ellas.</subfield>
   </datafield>
   <datafield ind2=" " ind1=" " tag="520">
      <subfield code="a">[eng] The paper examines the possible direct sources used by Francesc Alegre for&#xd;
his Catalan translation of Ovid's Metamorphoses, which is the first known version of this&#xd;
work in the Iberian Peninsula. Thorough concrete examples, it points out some&#xd;
symptomatic similarities among the different medieval versions of the Eco and&#xd;
Narcissus myth: the version by Boccaccio, the French one in the Ovide Moralisé and the&#xd;
Italian translation made by Giovanni Bonsignori. Some of the coincidences might be due&#xd;
to the circulation of the Ovidian text in the so-called codices recentiores, but others defy&#xd;
such explanation. This fact opens some questions about the way in which the mentioned&#xd;
works might have influenced one another.</subfield>
   </datafield>
   <datafield tag="653" ind2=" " ind1=" ">
      <subfield code="a">Ovidi Nasó, Publi, 43 aC-17 dC</subfield>
   </datafield>
   <datafield tag="653" ind2=" " ind1=" ">
      <subfield code="a">Traducció literària</subfield>
   </datafield>
   <datafield tag="653" ind2=" " ind1=" ">
      <subfield code="a">Alegre, Francesc</subfield>
   </datafield>
   <datafield tag="653" ind2=" " ind1=" ">
      <subfield code="a">Literary translation</subfield>
   </datafield>
   <datafield ind2="0" ind1="0" tag="245">
      <subfield code="a">Las Metamorfosis de Ovidio traducidas por Francesc Alegre (1491): algunas observaciones sobre la problemática de las fuentes</subfield>
   </datafield>
</record></metadata></record></GetRecord></OAI-PMH>